Normale Ansicht MARC-Ansicht ISBD

"Entweder sind wir schneller oder wir sind dran!" (Titelsatznr. 372001)

[ MARC ]
MARC-Details
000 -Satzkennung
Kontrollfeld mit fester Länge 00920nam a22001937a 4500
008 - Feld mit fester Länge zur physischen Beschreibung - Allgemeine Angaben
Kontrollfeld mit fester Länge 201127b ||||| |||| 00| 0 eng d
040 ## - Katalogisierungsquelle
Original-Katalogisierungsstelle DE-2950
Katalogisierungssprache ger
Übertragungsstelle DE-2950
Beschreibungsfestlegungen rda
041 ## - Sprachcode
Sprachcode des Textes/der Tonspur oder des separaten Titels ger
245 ## - Titel
Haupttitel "Entweder sind wir schneller oder wir sind dran!"
Titelzusatz Rechtsextremismus in Brandenburg. Oberbürgermeister René Wilke erlebte einst Gewalt in Frankfurt (Oder) hautnah mit Konfrontationen mit Neonazis gehörten zu seinem Alltag. Im Gespräch erzählt er, wie es in der Stadt gelang, die sogenannten Baseballschlägerjahre zu beenden/
Verantwortlichkeitsangabe Manuel Wozniak
264 ## - Veröffentlichungsangabe, Vertriebsangabe, Herstellungsangabe
Erscheinungs-, Vertriebs-, Herstellungsdatum 2022
653 ## - Lokales Schlagwort
Nicht-normierter Term Frankfurt (Oder)
653 ## - Lokales Schlagwort
Nicht-normierter Term Rechtsextremismus
653 ## - Lokales Schlagwort
Nicht-normierter Term René Wilke
773 ## - Übergeordnete Einheit
Ort, Verlag und Erscheinungsjahr Frankfurt (Oder) Märkisches Verlags- und Druckhaus GmbH & Co KG
Titel Märkische Oderzeitung
Verknüpfungsangaben 33. Jahrgang (2022) Nr. 281 vom 02.12.2022, S. 21: mit Foto
942 ## - Zusätzliche Felder (Koha)
Koha-Medientyp Aufsätze
Exemplare
Ausgeschieden Verloren Beschädigt Nicht entleihbar Permanenter Standort Aktueller Standort Aufstellungsort Eingabedatum Anzahl Ausleihen Signatur Letzte Aktivität Preis gültig von Medientyp
        Stadtarchiv Frankfurt (Oder) | Archivbibliothek Stadtarchiv Frankfurt (Oder) | Archivbibliothek Magazin 05/12/2022   Z2 05/12/2022 05/12/2022 Aufsätze